LEADER 01588nam a2200349 i 4500 001 000000056495 003 CaOOAMICUS 005 20250827090009.0 008 100211s1984 it u000 u ita u 020 $a88-17-12474-5 040 $aSeMil$bita 100 0 $aTertullianus, Quintus Septimius Florens,$d.$0(OLS)http://semarc/name/1146 240 10$aApologeticum.$0(OLS)http://semarc/title/455368 245 10$aApologia del cristianesimo /$cQuinto Settimio Florente Tertulliano : introduzione e note di Claudio Moreschini ; traduzione di Luigi Rusca. 260 $aMilano :$bBiblioteca Universale Rizzoli,$c1984. 300 $a461 p. ;$c18 cm. 490 0 $aI classici della BUR 650 4$aApologetica - Opere anteriori al 1800.$0(OLS)http://semarc/subject/2578 700 1 $aMoreschini, Claudio,$d<1938- >.$0(OLS)http://semarc/name/4 700 1 $aMicaelli, Claudio.$0(OLS)http://semarc/name/17156 700 1 $aRusca, Luigi,$d<1894-1986>.$0(OLS)http://semarc/name/14485 830 2$aI classici della BUR.$0(OLS)http://semarc/title/13076 850 $aSeMil 852 $aSeMil$W1$xVenegono$y1$m2T I 32$j22649$B22649$CSeMilBibl$Z2$F22651 $81 900 0 $aTertulliano,$d. 941 1 $a1 961 $aOmaggio: Ciprandi dott. Paolo 996 $6020$a88-17-12474-5$9(OLS)http://semarc/number/31704 996 $6245$aApologia del cristianesimo$9(OLS)http://semarc/title/9217 996 $6260$aMilano :$bBiblioteca Universale Rizzoli$9(OLS)http://semarc/publisher/31907 LEADER 01081nam a2200277 i 4500 001 000000062111 003 CaOOAMICUS 005 20260603144157.0 008 101012s1997 sp u000 u spa u 013 $a33283 020 $a84-293-1212-9 040 $aSeMil$bita 100 1 $aMaldonado, Luis,$d<1930-2017>.$0(OLS)http://semarc/name/23341 245 10$aEucaristía en devenir /$cLuis Maldonado. 260 $aSantander :$bSal Terrae,$c1997. 300 $a238 p. ;$c22 cm. 490 0 $aPresencia teólogica ;$v87 650 4$aEucaristia - Teologia cattolica.$0(OLS)http://semarc/subject/15702 830 0$aPresencia teólogica ;$v87.$0(OLS)http://semarc/title/401100 850 $aSeMil 852 $aSeMil$W1$xVenegono$y1$m2M IV 29$j272863$B28264$CSeMilBibl$Z2$F28267 $81 961 $aAcquisto: Casa editrice 996 $6020$a84-293-1212-9$9(OLS)http://semarc/number/38540 996 $6245$aEucaristía en devenir$9(OLS)http://semarc/title/97732 996 $6260$aSantander :$bSal Terrae$9(OLS)http://semarc/publisher/32293